Manual de constitución y democracia / (Registro nro. 5191)
[ vista simple ]
| 000 -LEADER | |
|---|---|
| fixed length control field | 01210nam a2200301Ia 4500 |
| 003 - CONTROL NUMBER IDENTIFIER | |
| control field | OSt |
| 005 - DATE AND TIME OF LATEST TRANSACTION | |
| control field | 20200417184118.0 |
| 008 - FIXED-LENGTH DATA ELEMENTS--GENERAL INFORMATION | |
| fixed length control field | 191128s2007 ck gr 000 0 spa d |
| 020 ## - INTERNATIONAL STANDARD BOOK NUMBER | |
| International Standard Book Number | 9789586952651 |
| 040 ## - CATALOGING SOURCE | |
| Original cataloging agency | CO-JMCR |
| Transcribing agency | CO-JMCR |
| 041 0# - LANGUAGE CODE | |
| Language code of text/sound track or separate title | spa |
| 082 04 - DEWEY DECIMAL CLASSIFICATION NUMBER | |
| Classification number | 323.4 / |
| Item number | A581m |
| Edition number | 23 |
| 100 1# - MAIN ENTRY--PERSONAL NAME | |
| Personal name | Ángel Cabo, Natalia, |
| Relator term | autora |
| 9 (RLIN) | 3177 |
| 245 10 - TITLE STATEMENT | |
| Title | Manual de constitución y democracia / |
| Statement of responsibility, etc. | Natalia Ángel Cabo, Eduardo Cifuentes Muñoz y Diana Durán Smela [y otros 7] |
| 250 ## - EDITION STATEMENT | |
| Edition statement | Segunda edición |
| 260 ## - PUBLICATION, DISTRIBUTION, ETC. | |
| Place of publication, distribution, etc. | Bogotá : |
| Name of publisher, distributor, etc. | Universidad de los Andes, |
| Date of publication, distribution, etc. | 2007 |
| 300 ## - PHYSICAL DESCRIPTION | |
| Extent | 318 páginas ; |
| Dimensions | 23 cm. |
| 490 0# - SERIES STATEMENT | |
| Series statement | Programa Constitución y Democracia |
| 504 ## - BIBLIOGRAPHY, ETC. NOTE | |
| Bibliography, etc. note | Bibliografía: páginas 289-294 |
| 505 0# - FORMATTED CONTENTS NOTE | |
| Miscellaneous information | v.1 |
| Title | De los derechos |
| 520 ## - SUMMARY, ETC. | |
| Summary, etc. | El libro está dirigido al estudiante no abogado, de manera que la aproximación a los distintos derechos parte del reconocimiento de la distancia entre el tratamiento jurídico ordinario de estos temas. |
| 650 14 - SUBJECT ADDED ENTRY--TOPICAL TERM | |
| Topical term or geographic name entry element | Derechos civiles |
| 9 (RLIN) | 3178 |
| 650 14 - SUBJECT ADDED ENTRY--TOPICAL TERM | |
| Topical term or geographic name entry element | Derecho humanitario |
| 9 (RLIN) | 3179 |
| 650 14 - SUBJECT ADDED ENTRY--TOPICAL TERM | |
| Topical term or geographic name entry element | Derecho constitucional |
| 9 (RLIN) | 3180 |
| 700 1# - ADDED ENTRY--PERSONAL NAME | |
| Personal name | Cifuentes Muñoz, Eduardo, |
| Relator term | autor |
| 9 (RLIN) | 3181 |
| 700 1# - ADDED ENTRY--PERSONAL NAME | |
| Personal name | Durán Smela, Diana, |
| Relator term | autor |
| 9 (RLIN) | 3182 |
| 942 ## - ADDED ENTRY ELEMENTS (KOHA) | |
| Source of classification or shelving scheme | Dewey Decimal Classification |
| Koha item type | Books |
| Withdrawn status | Lost status | Source of classification or shelving scheme | Damaged status | Not for loan | Collection code | Home library | Current library | Date acquired | Source of acquisition | Cost, normal purchase price | Total Checkouts | Full call number | Barcode | Date last seen | Copy number | Koha item type |
|---|---|---|---|---|---|---|---|---|---|---|---|---|---|---|---|---|
| Dewey Decimal Classification | Non-fiction | Biblioteca Pública José María del Castillo y Rada | Biblioteca Pública José María del Castillo y Rada | 04/15/2018 | Donación | 0.00 | 323.4 / A581m | 430001426 | 05/16/2024 | V.1 / Ej.1 | Books |